| 000 | 00465 a2200157 4500 | ||
|---|---|---|---|
| 999 |
_c1019 _d1019 |
||
| 020 | _a8176297763 | ||
| 050 | _aGE 105 RAT 2006 | ||
| 100 |
_aRatnesh,Kumar _eauthor |
||
| 245 |
_aEnvironmental economics: _b theory and practices/ _cKumar,Ratnesh |
||
| 264 |
_aNew Delhi: _bDeep Publications, _cc 2006 |
||
| 300 |
_a150p. _bill. |
||
| 500 | _aincludes index | ||
| 650 | _asustainable development | ||
| 650 | _aevvironmental economics | ||
| 942 |
_2lcc _cBK _h105 _iRAT _k2006 |
||